000 00643nam a2200205Ia 4500
003 GCL
005 20240530105237.0
008 140319s9999 xx 000 0 ara d
040 _aGCL /
_cGCL
082 0 4 _a347
_bم ا
100 1 _aمعوض عبدالتواب
245 1 0 _aالاحكام والاوامر الجنائية /
_cمعوض عبدالتواب
260 _a[S.N] :
_bدار المطبوعات الجامعية ،
_c1988
300 _a431 ص
650 0 4 _aالقانون الجنائى
650 0 4 _aمصر
650 0 4 _aالاحكام (قانون مرافعات)
650 0 4 _aالاحكام، طعن
942 _2ddc
_cBK
999 _c54264
_d54264